000 00556nam a22001937a 4500
005 20251108173511.0
008 250721s2006 xx 000 0 ara d
082 1 4 _a811.9565/ملح
100 1 _aملحس، ثريا
245 1 0 _aالنبع الذي لن ينضب /
264 1 _aعمان :
_bدار الفضيلة للنشر و التوزيع،
_c2006.
300 _a154 ص.
490 0 _aشعر
_v15
650 1 7 _aالشعر العربي
650 1 7 _aالعصر الحديث
650 1 7 _aالأردن
942 _2ddc
_cREF
999 _c105392
_d105392